000 00866aab a2200205 i 4500
001 768714001
003 CO-MdFUSB
005 20240403095416.0
008 240403t1989 ag ||||| |||| 00| 0 spa d
040 _bspa
_cCO-MdFUSB
041 _aspa
100 1 _aBreneman, Mervin (1930-)
_eautor
245 1 0 _aRuralismo y urbanismo en la Biblia
_c/ Mervin Breneman
300 _aVolumen 8, número 2, (junio, 1989), páginas: 16 - 21
_c; 27 cm
520 _aLos sociólogos dicen que cada sociedad va formando y moldeando su mundo. Se invita a los cristianos a "teologizar" para que el pueblo cristiano desarrolle una teología de la ciudad que tenga impacto en nuestro mundo urbano.
653 _aRuralismo
653 _aUrbanismo
773 0 _tIglesia y Misión
_049402
_959672
_gVolumen 8, número 2, (junio, 1989), páginas: 16 - 21
_qpáginas: 16
942 _cANA
999 _c51827
_d51827